000 00745nam a2200265Ia 4500
003 OSt
005 20221006155948.0
006 a|||||r|||| 00| 0
007 ta
008 221006b |||||||| |||| 00| 0 eng d
020 _a9780674615762
024 _a43,947
037 _bGift, Korean Embassy (Window on Korea)
_cTextual
040 _aEASL
_cEASL
_beng
041 _2eng
_aeng
082 _aV495.N7, M4
100 _aLee Ki-baik
_9653936
245 0 _aNew history of Korea
260 _aCambridge
_bHarvard University Press
_c1984
300 _a496p.
_ccm.
490 _v KEL
650 _aKEL
942 _hV495.N7, M4
_cTEXL
_2CC
999 _c1112039
_d1112039